|
|
|
|
| LEADER |
01478nam a22005057a 4500 |
| 001 |
30526 |
| 003 |
BD-DhAAL |
| 005 |
20151118110706.0 |
| 008 |
151021s1992 bg a|||| b||| 00| 0 eng d |
| 040 |
|
|
|a BD-DhAAL
|c BD-DhAAL
|
| 082 |
|
|
|2 22
|a 307.1412095492
|
| 999 |
|
|
|c 36210
|d 36210
|
| 999 |
|
|
|c 36127
|
| 999 |
|
|
|c 36127
|
| 999 |
|
|
|c 36127
|
| 999 |
|
|
|c 36127
|
| 999 |
|
|
|c 36125
|
| 999 |
|
|
|c 36014
|
| 999 |
|
|
|c 36014
|
| 999 |
|
|
|c 36013
|
| 999 |
|
|
|c 36013
|
| 999 |
|
|
|c 35961
|
| 999 |
|
|
|c 35934
|
| 999 |
|
|
|c 35934
|
| 999 |
|
|
|c 35923
|
| 999 |
|
|
|c 35916
|
| 999 |
|
|
|c 35910
|
| 999 |
|
|
|c 35910 | 35909 | 35869 | 35868 | 35864 | 35863
|
| 999 |
|
|
|c 35909
|
| 999 |
|
|
|c 35869
|
| 999 |
|
|
|c 35868
|
| 999 |
|
|
|c 35864
|
| 999 |
|
|
|c 35863
|
| 100 |
|
|
|9 15609
|a Islam, Md. Qamrul
|
| 245 |
|
|
|a Coping with everyday life :
|b a study on household problem and option in two villages of Bangladesh /
|c Md. Qamrul Islam
|
| 260 |
|
|
|a Dhaka :
|b BRAC and Aga Khan Foundation, Canada,
|c 1992
|
| 300 |
|
|
|a 28 p. :
|b ill. ;
|c 28 cm.
|
| 541 |
|
|
|e 30526
|
| 610 |
|
|
|a BRAC
|9 15610
|
| 650 |
|
|
|a Rural Development
|z Bangladesh
|9 15611
|
| 700 |
|
|
|a Ahmed, Shah Asad
|9 15215
|
| 710 |
|
|
|a BRAC
|9 15610
|
| 852 |
|
|
|a Ayesha Abed Library
|c BRAC Resource Section
|
| 942 |
|
|
|2 ddc
|c BK
|
| 952 |
|
|
|0 0
|1 4
|2 ddc
|4 0
|6 307_141209549200000_ISL
|7 0
|9 56943
|a BRACUL
|b BRACUL
|c BRS
|d 2015-11-18
|e BRAC
|l 0
|o 307.1412095492 ISL
|p 3010030526
|r 2015-11-18
|t 1
|w 2015-11-18
|y BK
|x Koha Inventory 2020
|